Római magánjog. I, Institutiók
Uložené v:
| Hlavný autor: | |
|---|---|
| Médium: | Kniha |
| Jazyk: | Hungarian |
| Vydané: |
Pozsony ; Budapest :
Stampfel Károly Kiadása,
1899.
|
| Edícia: | Stampfel-féle tudományos zseb-könyvtár
8 |
| ISBN: |
(brož.) |
| Fyzický popis: |
73 s. ; 16 cm. |
| Tagy: |
Pridať tag
Žiadne tagy, Buďte prvý kto otaguje tento záznam!
|
Titul je dostupný aj v ... 

MARC
| LEADER | 00000nam a22000004a 4500 | ||
|---|---|---|---|
| 001 | 000466513 | ||
| 005 | 20150427112405.0 | ||
| 008 | 140415s1899 xo e 000 0 hun d | ||
| 020 | |a (brož.) | ||
| 040 | |a SVKKK |b slo |c SVKKK |e AACR2 | ||
| 041 | 0 | |a hun | |
| 044 | |a xo |c SK | ||
| 100 | 1 | |a Bozóky, Alajos, |d 1842-1919 |4 aut | |
| 245 | 1 | 0 | |a Római magánjog. |n I, |p Institutiók |c irta Bozóky Alajos. |
| 246 | 3 | 0 | |a Institutiók |
| 260 | |a Pozsony ; |a Budapest : |b Stampfel Károly Kiadása, |c 1899. |e Pozsony |f Eder Istvány könyvnyomdája | ||
| 300 | |a 73 s. ; |c 16 cm. | ||
| 490 | 1 | |a Stampfel-féle tudományos zseb-könyvtár |v 8 | |
| 500 | |a Zoznam vydaných titulov | ||
| 830 | 0 | |a Stampfel-féle tudományos zseb-könyvtár |v 8 | |
| 910 | |a svkkk | ||
| 998 | |a BK | ||
| 090 | |g SCKHL |k HIS - študovňa |a I.101107 |j 204984 |i 2720305653 |s Príručka / Študovňa | ||